| 000 | 01052nam a22003137a 4500 | ||
|---|---|---|---|
| 003 | CHAP | ||
| 005 | 20220329134142.0 | ||
| 008 | 971013s1965 r 00010 d | ||
| 010 | _a16204 | ||
| 011 | _a17176 | ||
| 035 | _a21259 | ||
| 040 | _cCHAP | ||
| 082 |
_a338.17363 _bG88 |
||
| 100 | 0 | 0 |
_aGutiérrez, Ciro S. _951874 |
| 245 | 1 | _aPosibilidades económicas del cultivo e industrialización de la remolacha azucarera en Mendoza; primer informe | |
| 260 |
_aMendoza : _bInstituto Provincial Agropecuario, _c1965 |
||
| 300 | _a88 p | ||
| 590 |
_aBATCH-UPD _b10 _c20130109 _lUCH01 _h2308 |
||
| 590 |
_aBATCH-UPD _b10 _c20130110 _lUCH01 _h2138 |
||
| 590 |
_aBATCH-UPD _b10 _c20130409 _lUCH01 _h1824 |
||
| 590 |
_aBATCH-UPD _b10 _c20130410 _lUCH01 _h1447 |
||
| 590 |
_aBATCH-UPD _b10 _c20130914 _lUCH01 _h1558 |
||
| 590 |
_aCONVERSION _b10 _c20130109 _lUCH01 _h1310 |
||
| 650 | 1 | 4 |
_aRemolacha. _995855 |
| 700 | 0 |
_aHernández, Luis H. _954788 |
|
| 901 | _aBK | ||
| 942 | _cLIBRO | ||
| 949 |
_a338.17363 G88 _bBC _cLIBRO _d33724000117008 _eLIBRO _h5756 _i21259 _mD _si |
||
| 999 |
_c16204 _d16204 |
||